Tovaroznalectvo nepotravinárskeho tovaru

Uložené v:
Podrobná bibliografia
Hlavný autor: Kováč, Viliam
Korporativný autor: Vysoká škola ekonomická v Bratislave. Obchodná fakulta
Ďalší autori: Kollár, Vojtech, Jaloviar, Alexander, Müller, Ladislav
Médium: Kniha
Jazyk:Slovak
Vydavateľské údaje: Bratislava VŠE 1989
Vydanie:1. vyd.
Tagy: Pridať tag
Žiadne tagy, Buďte prvý, kto otaguje tento záznam!

MARC

LEADER 00000nam a2200000 4500
001 c040813
005 20221215071702.8
020 |a 80-225-0039-9 
041 0 |a slo 
044 |a SK 
245 1 0 |a Tovaroznalectvo nepotravinárskeho tovaru  |c Viliam Kováč a kol. 
250 |a 1. vyd. 
264 1 |a Bratislava  |b VŠE  |c 1989 
300 |a 430 s. 
100 1 |a Kováč, Viliam 
700 1 |a Kollár, Vojtech 
700 1 |a Jaloviar, Alexander 
700 1 |a Müller, Ladislav 
710 2 |a Vysoká škola ekonomická v Bratislave. Obchodná fakulta